LEADER 01207nam0 22003011i 450 001 UON00502938 005 20231205105422.930 010 $a978-31-10-14448-2 100 $a20200220d2003 |0itac50 ba 101 $aeng 102 $aDE 105 $a|||| ||||| 200 1 $aˆA ‰grammar of epic Sanskrit$fThomas Oberlies 210 $aBerlin$cWalter de Gruyter$d2003 215 $alvi, 632 p.$d24 cm 410 1$1001UON00028508$12001 $aIndian Philology and South Asian Studies$1210 $aBerlin$cWalter de Gruyter$d1995- v. ; 25 cm Edited by Albrecht Wezler and Michael Witzel$v5 606 $aLingua sanscrita$xGrammatica$3UONC000490$2FI 620 $aDE$dBerlin$3UONL003157 676 $a491.1$cLingue indoarie dell'India$v21 700 1$aOBERLIES$bThomas$3UONV147720$0781277 712 $aDe Gruyter$3UONV248587$4650 801 $aIT$bSOL$c20250411$gRICA 899 $aSIBA - SISTEMA BIBLIOTECARIO DI ATENEO$2UONSI 912 $aUON00502938 950 $aSIBA - SISTEMA BIBLIOTECARIO DI ATENEO$dSI SI SHIVA 088 $eSI 35090 7 088 996 $aGrammar of epic Sanskrit$91732354 997 $aUNIOR 998 $a1